| 000 | 00477nam a2200205Ia 4500 | ||
|---|---|---|---|
| 003 | OSt | ||
| 005 | 20251209125059.0 | ||
| 008 | 250729s2005 xx 000 0 und d | ||
| 020 | _a978-8121903646 | ||
| 040 | _cAL | ||
| 041 | _aeng | ||
| 082 | _a954 MAHH | ||
| 100 |
_aMahajan V D _9226322 |
||
| 245 | _aHistory of medieval india | ||
| 260 |
_aNew Delhi _c2005 |
||
| 300 | _a408p | ||
| 650 |
_aHistory _9226323 |
||
| 700 |
_aRao Digumurthi _9226324 |
||
| 942 |
_2ddc _cBED |
||
| 999 |
_c237258 _d237258 |
||